Представление документа в формате RUSMARC

ПолеНазваниеЗначение
  Тип записи a
  Библиографический уровень m
001 Контрольный номер SKBR/7b7928f7-cbad-4c0d-85fd-8fcd24b30826
005 Дата корректировки 20231127112227.5
010 Индекс ISBN __
a ISBN 978-5-9729-0478-5
b Уточнения в пер.
d Цена 2525-33; 2559-83
100 Данные общей обработки __
a Данные общей обработки 20200902d2020 ma y0rusy028902 ca
101 Язык документа 0_
a Язык текста rus
102 Страна публикации __
a Страна публикации RU
105 Кодированные данные (монография) __
a Кодированные данные (монография) a j 000yy
181 Поле кодированных данных: вид содержания _0
a Код вида содержания (ISBD) i
182 Поле кодированных данных: тип средства _0
a Код типа средства (ISBD) n
200 Заглавие и сведения об ответственности 1_
a Заглавие Эксплуатация и обслуживание объектов добычи нефти и газа
e Сведения, относящиеся к заглавию учебное пособие : [для студентов бакалавриата]
f Первые сведения об ответственности Д. А. Мартюшев, А. В. Лекомцев
203 Вид содержания и тип средства __
a Вид содержания Текст
c Тип средства непосредственный
210 Выходные данные 1_
a Место издания Москва
a Место издания Вологда
c Издательство Инфра-Инженерия
d Дата издания 2020
215 Физическое описание __
a Объем 337 с.
d Формат 22 см
c Иллюстрации/тип воспроизводства ил., табл.
320 Библиография __
a Библиография Библиография: с. 337 (21 название)
330 Аннотация __
a Аннотация Рассмотрены вопросы геологии месторождений нефти и газа. Раскрыта технология добычи, приведены сведения о применяемом оборудовании. Изложена последовательность работ, выполняемых оператором по добыче нефти и газа. Уделено внимание сбору и подготовке нефти, контролю за обслуживанием нефтепромыслового оборудования, охране окружающей среды, промышленной безопасности. Для студентов бакалавриата, которые первично получают знания о нефтегазопромысле. Может быть использовано при подготовке к сдаче экзаменов на получение рабочей профессии "Оператор по добыче нефти и газа".
606 Тематические рубрики __
a Основная рубрика Горное дело
2 Код системы nlr_sh
606 Тематические рубрики __
a Основная рубрика Разработка нефтяных и газовых месторождений
2 Код системы nlr_sh
610 Ключевые слова 0_
a Ключевые слова нефтепромысловое оборудование
610 Ключевые слова 0_
a Ключевые слова эксплуатация скважин
610 Ключевые слова 0_
a Ключевые слова геодезические работы
610 Ключевые слова 0_
a Ключевые слова газовые скважины
610 Ключевые слова 0_
a Ключевые слова нефтяные скважины
610 Ключевые слова 0_
a Ключевые слова нефтяные месторождения
610 Ключевые слова 0_
a Ключевые слова газовые месторождения
610 Ключевые слова 0_
a Ключевые слова разработка месторождений
610 Ключевые слова 0_
a Ключевые слова пробоотборы
610 Ключевые слова 0_
a Ключевые слова ремонт скважин
610 Ключевые слова 0_
a Ключевые слова охрана труда
686 Индексы других классификаций __
2 Код системы rubbks
a Классификационный индекс 33.36я73
700 Автор _1
a Фамилия Мартюшев
b Имя Д. А.
g Полное личное имя Дмитрий Александрович
4 Код отношения 070
701 Альтернативная интеллектуальная ответственность _1
a Фамилия Лекомцев
b Имя А. В.
g Полное личное имя Александр Викторович
4 Код отношения 070
801 Источник записи _2
b Организация Тюменская ОНБ
a Страна RU
c Дата составления 20200902
g Правила каталогизации PSBO
801 Источник записи _1
b Организация Тюменская ОНБ
a Страна RU
c Дата составления 20200910
g Правила каталогизации PSBO
852 Данные о местонахождении __
i Авторский знак М 29
j Шифр хранения 33.36я73
900 Макрообъекты __
a Макрообъекты Эксплуатация и обслуживание объектов добычи нефти и газа, Д. Мартюшев, А. Лекомцев, 2020
901 Тип документа __
a Ответственный КиК/Котельникова; КиК/Обаева
t Тип документа m
903 Характеристики (МАРС) __
a Дата передачи 20230130; 20210317
c Наименование библиотеки (МАРС) Муниципальное бюджетное учреждение культуры "Централизованная библиотечная система" г. Сургут (Центральная городская библиотека им. А. С. Пушкина)
969 Тип издания __
a Тип издания учебное пособие
990 Данные о заказе (DOS) __
j Количество экземпляров (DOS) 5; 3
t N записи в КСУ для И/У (DOS) 202302; 202103